000 00724nam a22002177a 4500
005 20220120151916.0
008 220120b ||||| |||| 00| 0 eng d
020 _a9789814577014
040 _cAL
041 _aeng
082 _223
_a150.028
_bCOHP
100 _aRonald Jay Cohen
_914050
245 _aPsychological Testing and Assessment
_bIntroduction to tests and measurement
250 _a2nd ed.
260 _aNew York
_bMcGraw Hill Education
_c2013
300 _axxv,612p.R70,C2,N9,I30
_bPB
_c24.8X19.3cm.
365 _2General
_aABDI/0524/22
_b£41.242
_c£
_d£54.99
_e25%
_f07-01-2022
650 _2Psychology
_aCorporate Psychology
_914051
700 _aSwerdlik Mark E
_dSturman Edward D
_914052
942 _2ddc
_cBK
999 _c221274
_d221274